| 000 | 00555nam a2200181 i 4500 | ||
|---|---|---|---|
| 001 | 87596 | ||
| 003 | ES-MaACL | ||
| 005 | 20250214063121.0 | ||
| 007 | t| | ||
| 008 | 041222s1978 sp ||||1| baq d | ||
| 100 | 0 |
_aLabayen, Antonio María, _d1898-1994 _969225 |
|
| 245 | 1 | 0 |
_aElizanburu _b: bere bizitza ta lanak = su vida y obras / _cAntonio M. Labayen. |
| 250 | _aed. bilingüe. | ||
| 260 |
_aSan Sebastián : _bAuñamendi, _c[1978] |
||
| 300 |
_a221 p. ; _c19 cm. |
||
| 852 |
_aES-MaACL _jA-9174 _bR.98509 |
||
| 999 |
_c87596 _d87596 |
||